[Event "Nikaia op 31st"]
[Site "Nikaia"]
[Date "2024.09.05"]
[Round "5"]
[White "Kakadelis, Stratos"]
[Black "Ninios, Ilias"]
[Result "1/2-1/2"]
[WhiteElo "1960"]
[BlackElo "1761"]
[PlyCount "122"]
[EventDate "2024.09.01"]
[EventType "swiss"]
[EventRounds "9"]
[EventCountry "GRE"]
[SourceTitle "EXT 2025"]
[Source "ChessBase"]
[SourceDate "2024.10.14"]
[SourceVersion "1"]
[SourceVersionDate "2024.10.14"]
[SourceQuality "1"]

1. d4 d5 2. c4 e6 3. Nc3 Nf6 4. Bg5 Be7 5. e3 h6 6. Bxf6 Bxf6 7. cxd5 exd5 8. b4 a6 9. Qb3 c6 10. Nf3 Nd7 11. a4 Nb6 12. Be2 0-0 13. 0-0 Be6 14. Nd2 Be7 15. Rfb1 Bd6 16. b5 cxb5 17. axb5 a5 18. Rc1 Qe7 19. Na4 Nxa4 20. Qxa4 Rfc8 21. Nf3 g6 22. Rxc8+ Bxc8 23. Ne1 b6 24. Bf3 Bb7 25. Rc1 Qd7 26. g3 Rc8 27. Rxc8+ Qxc8 28. Nd3 Qc4 29. Qxc4 dxc4 30. Bxb7 cxd3 31. Be4 d2 32. Bc2 Kf8 33. Kf1 Ke7 34. Ke2 Bb4 35. e4 Kd6 36. f4 Kd7 37. Kd3 Ke7 38. Kc4 Kd6 39. Bd1 Ba3 40. g4 Bb4 41. Bb3 Ba3 42. e5+ Kd7 43. h4 Bb4 44. Kd5 Ba3 45. f5 gxf5 46. gxf5 Bb4 47. h5 Ba3 48. e6+ fxe6+ 49. fxe6+ Ke7 50. Kc6 a4 51. Bxa4 Kxe6 52. Bb3+ Ke7 53. Kxb6 Kd6 54. Kb7 Bb2 55. d5 d1Q 56. Bxd1 Kxd5 57. b6 Bd4 58. Kc7 Bxb6+ 59. Kxb6 Ke5 60. Kc7 Kf6 61. Kd8 Ke5 1/2-1/2